<?xml version="1.0" encoding="UTF-8"?>
<marc:record xmlns:marc="http://www.loc.gov/MARC21/slim">
   <marc:leader>00000nam a2200000 a 4500</marc:leader>
   <marc:datafield ind1="1" ind2=" " tag="100">
      <marc:subfield code="a">Lindberg, Inka</marc:subfield>
      <marc:subfield code="4">aut</marc:subfield>
      <marc:subfield code="e">Verfasser/-in</marc:subfield>
   </marc:datafield>
   <marc:datafield ind1="0" ind2="0" tag="245">
      <marc:subfield code="a">Mit dir falle ich</marc:subfield>
   </marc:datafield>
   <marc:datafield ind1="0" ind2="0" tag="245">
      <marc:subfield code="c">Inka Lindberg</marc:subfield>
   </marc:datafield>
   <marc:datafield ind1=" " ind2="1" tag="264">
      <marc:subfield code="a">Frankfurt</marc:subfield>
      <marc:subfield code="b">FISCHER New Media</marc:subfield>
      <marc:subfield code="c">2021</marc:subfield>
   </marc:datafield>
   <marc:datafield ind1="1" ind2=" " tag="520">
      <marc:subfield code="a">Angaben aus der Verlagsmeldung

Mit dir falle ich Lindberg, Mit dir falle ich / von Inka Lindberg

Robyn weiß genau, was sie will – beim Dating und im Leben. Nach ihrem Maschinenbaustudium wird sie die Karriereleiter erklimmen und sich nie wieder Sorgen um Geld machen müssen. Von diesem Plan wird sie sich durch nichts und niemanden abbringen lassen. Erst recht nicht durch Finn, ihren unverschämt gutaussehenden Kommilitonen, der sein Bad-Boy-Image mehr als verdient hat – und der ganz offensichtlich auf sie steht. Aber kann eine Beziehung mit dem reichen Schönling wirklich gutgehen?

Der erste New-Adult-Roman von »einfach inka«, der Social-Media-Expertin für Sex Education, Dating und Female Empowerment, für Fans von Mona Kasten, Laura Kneidl und Bianca Iosivoni.
</marc:subfield>
   </marc:datafield>
   <marc:datafield ind1=" " ind2=" " tag="020">
      <marc:subfield code="a">9783733550110</marc:subfield>
      <marc:subfield code="9">9783733550110</marc:subfield>
   </marc:datafield>
   <marc:datafield ind1=" " ind2=" " tag="020">
      <marc:subfield code="a">3733550110</marc:subfield>
      <marc:subfield code="9">3733550110</marc:subfield>
   </marc:datafield>
   <marc:datafield ind1=" " ind2=" " tag="300">
      <marc:subfield code="a">413 S.</marc:subfield>
   </marc:datafield>
</marc:record>
